[Event "Wch Seniors 16th"]
[Site "Arvier"]
[Date "2006.09.20"]
[Round "9"]
[White "Donchenko, Anatoly G"]
[Black "Boey, Josef Martin"]
[Result "1-0"]
[WhiteElo "2405"]
[BlackElo "2277"]
[PlyCount "69"]
[EventDate "2006.09.11"]
[EventType "swiss"]
[EventRounds "11"]
[EventCountry "ITA"]
[SourceTitle "CBM 114 Extra"]
[Source "ChessBase"]
[SourceDate "2006.11.03"]
[SourceVersion "1"]
[SourceVersionDate "2006.11.03"]
[SourceQuality "1"]

1. d4 d5 2. Nf3 Nc6 3. e3 Bg4 4. c4 e5 5. Qb3 Bxf3 6. gxf3 Bb4+ 7. Bd2 Bxd2+ 8. Nxd2 exd4 9. cxd5 dxe3 10. fxe3 Nce7 11. e4 Nf6 12. Qxb7 0-0 13. Rc1 Nh5 14. Kd1 Ng6 15. Qxc7 Qf6 16. Rc3 Ne5 17. Kc2 g6 18. Bb5 a6 19. Bc6 Rac8 20. Qb6 Nf4 21. Re1 Rb8 22. Qd4 Rxb2+ 23. Kxb2 Ned3+ 24. Rxd3 Nxd3+ 25. Kc3 Qxd4+ 26. Kxd4 Nxe1 27. e5 Rd8 28. d6 f6 29. f4 g5 30. Nc4 Nc2+ 31. Kc3 Ne3 32. e6 Rxd6 33. Nxd6 Kf8 34. Nc8 Nf5 35. Kd3 1-0

[Event "Wch Seniors 16th"]
[Site "Arvier"]
[Date "2006.09.16"]
[Round "6"]
[White "Boey, Josef Martin"]
[Black "Bondick, Karl Heinz"]
[Result "1-0"]
[WhiteElo "2277"]
[BlackElo "2154"]
[PlyCount "61"]
[EventDate "2006.09.11"]
[EventType "swiss"]
[EventRounds "11"]
[EventCountry "ITA"]
[SourceTitle "CBM 114 Extra"]
[Source "ChessBase"]
[SourceDate "2006.11.03"]
[SourceVersion "1"]
[SourceVersionDate "2006.11.03"]
[SourceQuality "1"]

1. e4 e5 2. Nf3 Qe7 3. Nc3 c6 4. d4 d6 5. h3 Nf6 6. dxe5 dxe5 7. Be3 Qc7 8. a3 Be7 9. Bc4 0-0 10. Qe2 Nbd7 11. 0-0 b5 12. Ba2 a5 13. Rfd1 Nc5 14. Bxc5 Bxc5 15. a4 Ba6 16. axb5 cxb5 17. Nd5 Nxd5 18. Bxd5 b4 19. Qd2 Rae8 20. c4 Bc8 21. b3 Kh8 22. Qe2 f5 23. Ra2 fxe4 24. Bxe4 Rf4 25. Qd3 Qb6 26. Rdd2 Ref8 27. Qd5 Rxe4 28. Qxe4 Bb7 29. Qxe5 h6 30. Rd7 Qg6 31. Nh4 1-0

[Event "Wch Seniors 16th"]
[Site "Arvier"]
[Date "2006.09.12"]
[Round "2"]
[White "Boey, Josef Martin"]
[Black "Wagman, Stuart"]
[Result "1/2-1/2"]
[WhiteElo "2277"]
[BlackElo "2125"]
[PlyCount "44"]
[EventDate "2006.09.11"]
[EventType "swiss"]
[EventRounds "11"]
[EventCountry "ITA"]
[SourceTitle "CBM 114 Extra"]
[Source "ChessBase"]
[SourceDate "2006.11.03"]
[SourceVersion "1"]
[SourceVersionDate "2006.11.03"]
[SourceQuality "1"]

1. e4 e5 2. Nf3 Nc6 3. Bb5 Nf6 4. d3 d6 5. Nbd2 Be7 6. c3 0-0 7. Nf1 a6 8. Ba4 b5 9. Bc2 d5 10. exd5 Nxd5 11. Ng3 f5 12. 0-0 g6 13. Re1 Bf6 14. Bb3 Re8 15. Ne4 Kg7 16. Bxd5 Qxd5 17. Bh6+ Kf7 18. Nxf6 Kxf6 19. Qd2 Bb7 20. Qg5+ Kf7 21. Nh4 Qd8 22. Rad1 Qxg5 1/2-1/2

[Event "Wch Seniors 16th"]
[Site "Arvier"]
[Date "2006.09.11"]
[Round "1"]
[White "Rotelli, Pietro"]
[Black "Boey, Josef Martin"]
[Result "0-1"]
[WhiteElo "1983"]
[BlackElo "2277"]
[PlyCount "108"]
[EventDate "2006.09.11"]
[EventType "swiss"]
[EventRounds "11"]
[EventCountry "ITA"]
[SourceTitle "CBM 114 Extra"]
[Source "ChessBase"]
[SourceDate "2006.11.03"]
[SourceVersion "1"]
[SourceVersionDate "2006.11.03"]
[SourceQuality "1"]

1. d4 d6 2. c4 g6 3. Nc3 Bg7 4. e4 Nd7 5. Nf3 e5 6. Be3 Ne7 7. Qd2 exd4 8. Nxd4 Ne5 9. f3 a6 10. Be2 0-0 11. 0-0 N7c6 12. Rad1 Nxd4 13. Bxd4 Be6 14. b3 c5 15. Be3 Qa5 16. Nd5 Qxd2 17. Rxd2 Nc6 18. Nc7 Rad8 19. Rfd1 Bd4 20. Bxd4 Nxd4 21. Nd5 Bxd5 22. exd5 Rfe8 23. Kf2 Re7 24. Bd3 f5 25. Re1 Rde8 26. Rxe7 Rxe7 27. Rd1 Kf7 28. Re1 Rxe1 29. Kxe1 f4 30. Kf2 h6 31. h4 g5 32. hxg5 hxg5 33. g4 Ke7 34. Be4 b5 35. Ke1 bxc4 36. bxc4 Kd7 37. Kd2 Kc7 38. Kc3 Kb6 39. Kb2 Ka5 40. Ka3 Kb6 41. Kb2 a5 42. Ka3 Ne2 43. Kb2 Kc7 44. Kc2 Kd7 45. Kd2 Nd4 46. Ke1 Ke7 47. Kf2 Kf6 48. Bd3 Ke5 49. Be4 a4 50. Bd3 a3 51. Bb1 Kf6 52. Be4 Nb3 53. Ke1 Na5 54. Bd3 Ke5 0-1

[Event "Ghent op 27th"]
[Site "Ghent"]
[Date "2004.07.18"]
[Round "4"]
[White "Van der Weide, Karel"]
[Black "Boey, Josef Martin"]
[Result "1-0"]
[WhiteElo "2471"]
[BlackElo "2227"]
[PlyCount "85"]
[EventDate "2004.07.17"]
[EventType "swiss"]
[EventRounds "9"]
[EventCountry "BEL"]
[SourceTitle "CBM 101 Extra"]
[Source "ChessBase"]
[SourceDate "2004.09.01"]
[SourceVersion "2"]
[SourceVersionDate "2004.09.01"]
[SourceQuality "1"]

1. e4 e5 2. Nf3 Nc6 3. d4 exd4 4. Nxd4 Nge7 5. Bc4 Nxd4 6. Qxd4 Nc6 7. Qd5 Qe7 8. 0-0 b6 9. Nc3 Bb7 10. Qf5 Nd4 11. Qf4 Ne6 12. Bxe6 dxe6 13. Rd1 e5 14. Qg4 c6 15. a4 Bc8 16. Qe2 Qe6 17. Be3 Be7 18. Rdb1 0-0 19. b4 Bb7 20. f3 Rad8 21. a5 Rd4 22. axb6 axb6 23. Ra7 Bc8 24. b5 Bc5 25. bxc6 Qxc6 26. Nd5 Be6 27. c3 Bxd5 28. cxd4 exd4 29. exd5 Qg6 30. Rd1 dxe3 31. Kh1 Re8 32. Rc7 h5 33. Rc6 Qf5 34. d6 Qe6 35. g3 Rd8 36. Qd3 h4 37. g4 Re8 38. Qe4 Qd7 39. Qxe8+ Qxe8 40. d7 Qd8 41. Rc8 Be7 42. Rxd8+ Bxd8 43. Re1 1-0

[Event "EU-ch Seniors 02nd"]
[Site "Saint Vincent"]
[Date "2002.10.04"]
[Round "7"]
[White "Ljubarskij, Jurij"]
[Black "Boey, Josef Martin"]
[Result "0-1"]
[WhiteElo "2329"]
[BlackElo "2268"]
[PlyCount "76"]
[EventDate "2002.09.28"]
[EventType "swiss"]
[EventRounds "9"]
[EventCountry "ITA"]
[SourceTitle "CBM 090 Extra"]
[Source "ChessBase"]
[SourceDate "2002.11.07"]
[SourceVersion "1"]
[SourceVersionDate "2002.11.07"]
[SourceQuality "1"]

1. e4 e5 2. Nf3 Nc6 3. Bb5 f5 4. d3 Nf6 5. 0-0 fxe4 6. dxe4 d6 7. Nc3 Be7 8. Qd3 0-0 9. Bxc6 bxc6 10. Qc4+ Kh8 11. Qxc6 Rb8 12. Qc4 c6 13. Qxc6 Rb4 14. Nd5 Nxd5 15. exd5 Bb7 16. Qc3 Rb5 17. Rd1 Bxd5 18. Ne1 Rc5 19. Qh3 Be4 20. Qb3 Qc8 21. Be3 Rc7 22. Rd2 d5 23. c3 Bg6 24. Qxd5 Rd8 25. Qxe5 Rxd2 26. Bxd2 Bf6 27. Qa5 Rb7 28. b3 Rd7 29. Nf3 Be4 30. Nd4 Rxd4 31. Bf4 Qg4 32. f3 Bxf3 33. Bg3 Rd2 34. Re1 Rxg2+ 35. Kf1 Bc6 36. Re3 Qd1+ 37. Be1 Qc2 38. Qd5 Bxd5 0-1

[Event "EU-ch Seniors 02nd"]
[Site "Saint Vincent"]
[Date "2002.10.02"]
[Round "5"]
[White "Kock, Hans Uwe"]
[Black "Boey, Josef Martin"]
[Result "1/2-1/2"]
[WhiteElo "2207"]
[BlackElo "2268"]
[PlyCount "79"]
[EventDate "2002.09.28"]
[EventType "swiss"]
[EventRounds "9"]
[EventCountry "ITA"]
[SourceTitle "CBM 090 Extra"]
[Source "ChessBase"]
[SourceDate "2002.11.07"]
[SourceVersion "1"]
[SourceVersionDate "2002.11.07"]
[SourceQuality "1"]

1. d4 d5 2. Nf3 Bg4 3. Nbd2 Nc6 4. c3 e6 5. g3 Bd6 6. Bg2 Nf6 7. 0-0 0-0 8. Re1 e5 9. dxe5 Nxe5 10. Nxe5 Bxe5 11. Nf3 Bd6 12. Bg5 Be6 13. e4 dxe4 14. Nd4 h6 15. Bxf6 Qxf6 16. Bxe4 Bc5 17. Qc2 c6 18. Nxe6 fxe6 19. Re2 g5 20. Rf1 Rae8 21. Qb3 Re7 22. Qc4 Bb6 23. Bc2 Kh8 24. Qe4 e5 25. Qg6 Qxg6 26. Bxg6 Kg7 27. Bd3 h5 28. Kg2 g4 29. f4 Rd7 30. Bc2 Rfd8 31. fxe5 Rd2 32. Rfe1 Kf7 33. e6+ Ke7 34. Bg6 Rxe2+ 35. Rxe2 Rd1 36. h3 gxh3+ 37. Kxh3 Rh1+ 38. Kg2 Rg1+ 39. Kh2 h4 40. Rg2 1/2-1/2

[Event "EU-ch Seniors 02nd"]
[Site "Saint Vincent"]
[Date "2002.10.01"]
[Round "4"]
[White "Boey, Josef Martin"]
[Black "Tavcar, Rado"]
[Result "1-0"]
[WhiteElo "2268"]
[BlackElo "2114"]
[PlyCount "63"]
[EventDate "2002.09.28"]
[EventType "swiss"]
[EventRounds "9"]
[EventCountry "ITA"]
[SourceTitle "CBM 090 Extra"]
[Source "ChessBase"]
[SourceDate "2002.11.07"]
[SourceVersion "1"]
[SourceVersionDate "2002.11.07"]
[SourceQuality "1"]

1. e4 e5 2. Nf3 Nc6 3. Bb5 a6 4. Ba4 Nf6 5. 0-0 Be7 6. Re1 b5 7. Bb3 Bb7 8. c3 d5 9. exd5 Nxd5 10. d4 exd4 11. cxd4 0-0 12. Nc3 Nxc3 13. bxc3 Bf6 14. Ba3 Re8 15. Qd3 Qd7 16. Bc2 g6 17. Nd2 Rxe1+ 18. Rxe1 Re8 19. Ne4 Bg7 20. Re3 Na5 21. Nc5 Qc6 22. d5 Rxe3 23. Qxe3 Qd6 24. Bb4 Qe5 25. Qxe5 Bxe5 26. Bxa5 Bxd5 27. Nxa6 Bxa2 28. Nxc7 Bc4 29. Be4 Kg7 30. Bc6 Bxc7 31. Bxc7 Kf6 32. f4 1-0

[Event "Lost Boys op"]
[Site "Antwerp"]
[Date "1999.08.06"]
[Round "7"]
[White "Boey, Josef Martin"]
[Black "Van den Doel, Erik"]
[Result "0-1"]
[WhiteElo "2287"]
[BlackElo "2528"]
[PlyCount "60"]
[EventDate "1999.07.30"]
[EventType "swiss"]
[EventRounds "9"]
[EventCountry "BEL"]
[SourceTitle "EXT 2000"]
[Source "ChessBase"]
[SourceDate "1999.11.16"]
[SourceVersion "1"]
[SourceVersionDate "1999.11.16"]
[SourceQuality "1"]

1. e4 c5 2. Nf3 d6 3. d4 cxd4 4. Nxd4 Nf6 5. Bb5+ Nbd7 6. 0-0 g6 7. Re1 Bg7 8. c4 0-0 9. Bxd7 Nxd7 10. Na3 Ne5 11. h3 Bd7 12. b3 f5 13. exf5 gxf5 14. f4 Ng6 15. Rb1 Qa5 16. b4 Qa4 17. Rb3 a6 18. Nf3 Qc6 19. h4 Bf6 20. h5 Nh4 21. b5 axb5 22. cxb5 Nxf3+ 23. Rxf3 Qc5+ 24. Kh1 Kh8 25. Qb3 Be8 26. h6 Bf7 27. Qb1 Bd5 28. Rg3 Rg8 29. Rg5 Rxg5 30. fxg5 Qf2 0-1

[Event "Lost Boys op"]
[Site "Antwerp"]
[Date "1999.08.03"]
[Round "5"]
[White "Meijers, Viesturs"]
[Black "Boey, Josef Martin"]
[Result "1-0"]
[WhiteElo "2472"]
[BlackElo "2287"]
[PlyCount "55"]
[EventDate "1999.07.30"]
[EventType "swiss"]
[EventRounds "9"]
[EventCountry "BEL"]
[SourceTitle "EXT 2000"]
[Source "ChessBase"]
[SourceDate "1999.11.16"]
[SourceVersion "1"]
[SourceVersionDate "1999.11.16"]
[SourceQuality "1"]

1. e4 e5 2. Nf3 Nc6 3. Bb5 f5 4. d3 Nf6 5. exf5 Ne7 6. d4 e4 7. Nh4 c6 8. Be2 Nxf5 9. Nxf5 Qa5+ 10. Nc3 Qxf5 11. 0-0 d5 12. f3 e3 13. Qd3 Bd6 14. Qxe3+ Kd8 15. Qg5 Qxc2 16. Qxg7 Rf8 17. Re1 Qg6 18. Qxg6 hxg6 19. Bg5 Bc7 20. Bd3 Bb6 21. Ne2 Bf5 22. Rad1 Kd7 23. Bxf5+ gxf5 24. Ng3 Rae8 25. Nxf5 Nh7 26. Rxe8 Kxe8 27. Re1+ Kf7 28. Be7 1-0

[Event "Lost Boys op"]
[Site "Antwerp"]
[Date "1998.??.??"]
[Round "1"]
[White "Boey, Josef Martin"]
[Black "Mikhalevski, Victor"]
[Result "0-1"]
[WhiteElo "2290"]
[BlackElo "2545"]
[PlyCount "94"]
[EventDate "1998.08.??"]
[EventType "swiss"]
[EventRounds "9"]
[EventCountry "BEL"]
[SourceTitle "EXT 1999"]
[Source "ChessBase"]
[SourceDate "1998.11.16"]
[SourceVersion "1"]
[SourceVersionDate "1998.11.16"]
[SourceQuality "1"]

1. e4 e5 2. Nf3 Nc6 3. Bb5 a6 4. Ba4 Nf6 5. 0-0 Nxe4 6. d4 b5 7. Bb3 d5 8. Nxe5 Nxe5 9. dxe5 c6 10. Be3 Be7 11. Nd2 Nc5 12. c3 Nd3 13. f4 Nxb2 14. Qf3 Bf5 15. g4 Bd3 16. f5 Bxf1 17. Rxf1 Qc7 18. Bc2 Qxe5 19. Bd4 Qc7 20. Bxg7 Rg8 21. f6 Bc5+ 22. Kh1 0-0-0 23. Bxh7 Rge8 24. Nb3 Bb6 25. Bh6 Qe5 26. Bc1 Nc4 27. Nd4 Kb7 28. g5 Bxd4 29. Bf4 Qe6 30. cxd4 Rh8 31. Bd3 Rh3 32. Bg3 Nd2 33. Qf5 Nxf1 34. Qxe6 Nxg3+ 35. Kg2 fxe6 36. Kxh3 Nh5 37. Kg4 Rh8 38. h4 c5 39. Bg6 Nxf6+ 40. gxf6 cxd4 41. Kg5 Kc7 42. h5 Kd7 43. h6 e5 44. Bf7 e4 45. Bxd5 e3 46. Kg6 e2 47. Kg7 Rd8 0-1

[Event "Wch Seniors 06th"]
[Site "Bad Liebenzell"]
[Date "1996.??.??"]
[Round "10"]
[White "Wegener, Hans Karl"]
[Black "Boey, Josef Martin"]
[Result "0-1"]
[WhiteElo "2165"]
[BlackElo "2285"]
[PlyCount "32"]
[EventDate "1996.11.11"]
[EventType "swiss"]
[EventRounds "11"]
[EventCountry "GER"]
[SourceTitle "EXT 1998"]
[Source "ChessBase"]
[SourceDate "1997.11.17"]
[SourceVersion "1"]
[SourceVersionDate "1997.11.17"]
[SourceQuality "1"]

1. e4 e5 2. Nf3 Nc6 3. Bb5 f5 4. Nc3 fxe4 5. Nxe4 Nf6 6. Qe2 d5 7. Nxf6+ gxf6 8. Nd4 Qd6 9. Ba4 Kd8 10. Nb5 Qe6 11. Bb3 Qf7 12. Nc3 Nd4 13. Bxd5 Qg6 14. Qc4 Nxc2+ 15. Kf1 Nxa1 16. Nb5 Qc2 0-1

[Event "Eupen op rapid"]
[Site "Eupen"]
[Date "1995.??.??"]
[Round "7"]
[White "Raetsky, Alexander"]
[Black "Boey, Josef Martin"]
[Result "1-0"]
[WhiteElo "2510"]
[BlackElo "2295"]
[PlyCount "77"]
[EventDate "1995.04.08"]
[EventType "swiss (rapid)"]
[EventRounds "7"]
[EventCountry "BEL"]
[SourceTitle "EXT 1997"]
[Source "ChessBase"]
[SourceDate "1996.11.15"]
[SourceVersion "1"]
[SourceVersionDate "1996.11.15"]
[SourceQuality "1"]

1. d4 d5 2. c4 Nc6 3. Nf3 Bg4 4. cxd5 Bxf3 5. dxc6 Bxc6 6. Nc3 Nf6 7. f3 e5 8. dxe5 Nd7 9. e4 Bb4 10. Be3 Qh4+ 11. Bf2 Qe7 12. Qc2 Qxe5 13. 0-0-0 Bxc3 14. Qxc3 Qxc3+ 15. bxc3 0-0-0 16. Be2 f6 17. Rd4 Nb6 18. Rhd1 Rxd4 19. cxd4 Rd8 20. g4 Be8 21. Rd2 Bf7 22. Rc2 c6 23. Kd2 Rd7 24. h4 Kd8 25. Ke3 Re7 26. Kf4 g6 27. Bf1 h6 28. g5 fxg5+ 29. hxg5 h5 30. Bd3 Be6 31. Kg3 Rf7 32. Be2 Re7 33. Kh4 Ke8 34. Bg3 Rf7 35. Be5 Nd7 36. Bd6 Nf8 37. f4 Kd7 38. Be5 Ke8 39. f5 1-0

[Event "BEL-chT 9596"]
[Site "Belgium"]
[Date "1995.??.??"]
[Round "1"]
[White "Thoeng, Paulus"]
[Black "Boey, Josef Martin"]
[Result "1-0"]
[WhiteElo "2315"]
[BlackElo "2295"]
[PlyCount "61"]
[EventDate "1995.??.??"]
[EventType "team"]
[EventRounds "11"]
[EventCountry "BEL"]
[SourceTitle "EXT 1999"]
[Source "ChessBase"]
[SourceDate "1998.11.16"]
[SourceVersion "1"]
[SourceVersionDate "1998.11.16"]
[SourceQuality "1"]

1. e4 c5 2. Nf3 Qa5 3. Be2 g6 4. 0-0 Bg7 5. c3 Nf6 6. e5 Nd5 7. Re1 Nc6 8. Bc4 Nc7 9. d4 b5 10. Bb3 0-0 11. d5 Nd8 12. Bg5 Re8 13. c4 bxc4 14. Bxc4 Ba6 15. Nbd2 d6 16. Rc1 Nb7 17. Re3 Qb4 18. Bxa6 Nxa6 19. Rb3 dxe5 20. Rxb4 Nxb4 21. Ne4 Rad8 22. Qa4 f5 23. Nxc5 Nxc5 24. Rxc5 Nd3 25. Rc7 e4 26. Nd2 Nxb2 27. Qc6 Kf8 28. Rxa7 Nd3 29. d6 Rc8 30. Bxe7+ Kg8 31. d7 1-0

[Event "Ghent op 15th"]
[Site "Ghent"]
[Date "1992.??.??"]
[Round "6"]
[White "Van Gaalen, Bas"]
[Black "Boey, Josef Martin"]
[Result "1-0"]
[WhiteElo "2365"]
[BlackElo "2315"]
[PlyCount "29"]
[EventDate "1992.??.??"]
[EventType "swiss"]
[EventRounds "9"]
[EventCountry "BEL"]
[SourceTitle "EXT 1998"]
[Source "ChessBase"]
[SourceDate "1997.11.17"]
[SourceVersion "1"]
[SourceVersionDate "1997.11.17"]
[SourceQuality "1"]

1. e4 e5 2. Nf3 Nc6 3. Bb5 f5 4. d3 Nf6 5. 0-0 fxe4 6. dxe4 d6 7. Qd3 Bd7 8. Nc3 a6 9. Bc4 b5 10. Bb3 Na5 11. Nd5 Nxd5 12. Qxd5 Nxb3 13. Ng5 Qc8 14. Qf7+ Kd8 15. Ne6+ 1-0

[Event "Olympiad-28"]
[Site "Thessaloniki"]
[Date "1988.11.14"]
[Round "2"]
[White "Rubinetti, Jorge Alberto"]
[Black "Boey, Josef Martin"]
[Result "1-0"]
[WhiteElo "2445"]
[BlackElo "2375"]
[PlyCount "95"]
[EventDate "1988.11.13"]
[EventType "team-swiss"]
[EventRounds "14"]
[EventCountry "GRE"]
[SourceTitle "TD"]
[Source "ChessBase"]
[SourceDate "1994.03.01"]
[SourceVersion "1"]
[SourceVersionDate "1994.03.01"]
[SourceQuality "1"]
[WhiteTeam "Argentina"]
[BlackTeam "Belgium"]
[WhiteTeamCountry "ARG"]
[BlackTeamCountry "BEL"]

1. d4 d5 2. c4 Nc6 3. Nf3 Bg4 4. cxd5 Bxf3 5. gxf3 Qxd5 6. e3 e5 7. Nc3 Bb4 8. Bd2 Bxc3 9. bxc3 Qd6 10. Rb1 b6 11. Qa4 Nge7 12. Be2 Qg6 13. Rd1 Qg2 14. Rf1 0-0-0 15. Bc1 exd4 16. cxd4 Qxh2 17. d5 Na5 18. Qg4+ f5 19. Qxg7 Qd6 20. e4 Ng6 21. Qc3 Rhe8 22. Ba3 Qe5 23. Qxe5 Rxe5 24. Bb2 Ree8 25. Rd4 c5 26. Ra4 Nf4 27. Bc3 Nxe2 28. Kxe2 Rxd5 29. Bxa5 bxa5 30. Rh1 Rd7 31. Rh5 fxe4 32. Rxc5+ Rc7 33. Rxc7+ Kxc7 34. fxe4 Kc6 35. Kf3 Kb5 36. Rd4 a4 37. Rd7 a5 38. Rxh7 Kb4 39. Ra7 Rc8 40. e5 Rc2 41. a3+ Kxa3 42. Rxa5 Kb4 43. Ra8 a3 44. e6 a2 45. e7 Rc3+ 46. Kg4 Rc4+ 47. Kf5 Rc5+ 48. Ke6 1-0

[Event "OHRA op"]
[Site "Brussels"]
[Date "1987.??.??"]
[Round "5"]
[White "Boey, Josef Martin"]
[Black "Gutman, Lev"]
[Result "1-0"]
[WhiteElo "2390"]
[BlackElo "2475"]
[PlyCount "79"]
[EventDate "1987.12.??"]
[EventType "swiss"]
[EventRounds "9"]
[EventCountry "BEL"]
[SourceTitle "TD"]
[Source "ChessBase"]
[SourceDate "1994.03.01"]
[SourceVersion "1"]
[SourceVersionDate "1994.03.01"]
[SourceQuality "1"]

1. e4 c5 2. Nf3 d6 3. d4 cxd4 4. Nxd4 Nf6 5. Nc3 a6 6. Bg5 e6 7. f4 Nbd7 8. Qf3 Qc7 9. Bd3 h6 10. Bxf6 Nxf6 11. 0-0-0 e5 12. Nf5 Be6 13. Nd5 Bxd5 14. exd5 Nd7 15. Rhe1 0-0-0 16. Re4 Qa5 17. a3 g6 18. Ne3 f5 19. Rc4+ Kb8 20. Qg3 exf4 21. Rxf4 Be7 22. h4 Ne5 23. Nc4 Qxd5 24. Bxf5 Qc5 25. Be6 g5 26. Re4 gxh4 27. Qg7 Bg5+ 28. Kb1 Qc7 29. Qxc7+ Kxc7 30. Nxe5 dxe5 31. Rxd8 Rxd8 32. Rxe5 Rd1+ 33. Ka2 Rd2 34. Bh3 Rxc2 35. Kb3 Rd2 36. Rc5+ Kb6 37. Rc2 Rd6 38. Ka2 Be3 39. Re2 Bg5 40. Re6 1-0

[Event "OHRA op"]
[Site "Brussels"]
[Date "1987.??.??"]
[Round "9"]
[White "Boey, Josef Martin"]
[Black "Jadoul, Michel"]
[Result "1/2-1/2"]
[WhiteElo "2390"]
[BlackElo "2340"]
[PlyCount "21"]
[EventDate "1987.12.??"]
[EventType "swiss"]
[EventRounds "9"]
[EventCountry "BEL"]
[SourceTitle "TD"]
[Source "ChessBase"]
[SourceDate "1994.03.01"]
[SourceVersion "1"]
[SourceVersionDate "1994.03.01"]
[SourceQuality "1"]

1. e4 c6 2. d4 d5 3. Nd2 g6 4. Ngf3 Bg7 5. h3 Nd7 6. Bd3 c5 7. exd5 cxd4 8. Nb3 Ngf6 9. Nbxd4 Nxd5 10. 0-0 0-0 11. Bc4 1/2-1/2